Deutsche Geschichte A-Z - Statistiken

Allgemein
  • Dieses Quiz wurde 1.081 mal gespielt
    1.061 seit der letzten Aktualisierung
  • Das Durchschnittsergebnis liegt bei 12 aus 26
Antwortstatistiken
Antwort % Korrekt
C Stadt, welche in der DDR in Karl-Marx-Stadt umbenannt wurde Chemnitz
85%
B Wichtiger Architekt der Reichseinigung und erster Reichskanzler des Deutschen Kaiserreichs Otto von Bismarck
81%
D Erstes deutsches Konzentrationslager in der Nähe von München zur Inhaftierung politischer Gefangener Dachau
78%
H Reichsführer der SS, der den Holocaust umsetzte Heinrich Himmler
75%
J Thüringische Universitätsstadt, bei der Napoleon das Preußische Heer im 4. Koalitionskrieg schlug Jena
74%
P Neben Österreich größter deutscher Staat des 18/19. Jahrhunderts, welcher Deutschland unter seiner Führung vereinen konnte Preußen
74%
A Südwestdeutscher Germanenstamm, von dem sich der französische Namen Deutschlands ableitet Alemannen
67%
N Deutsche Kolonie in Südwest-Afrika, in der sich der Völkermord an den Herero und Nama ereignete Namibia
66%
O Erster Ostfränkische König, der zum Kaiser der Heiligen Römischen Reiches gekrönt wurde Otto I
63%
L Römische Grenzanlage in Westdeutschland Limes
61%
M Amerikanisches Konjunkturpaket zum Wiederaufbau Deutschlands (und Europas) nach dem Zweiten Weltkrieg Marshallplan
52%
F Bedeutende Augsburger Bankier-Familie, die die Kaiserwahl von Karl V finanzierte Fugger
48%
U Vorsitzender des Staatsrats der DDR von 1960 bis 1971 Walther Ulbricht
44%
X Stadt, in der sich mit der Colonia Ulpia Traiana einer der wichtigsten Orte des römischen Germaniens befand Xanten
39%
R Kunstströmung im 19. und 20. Jahrhundert mit Protagonisten wie Schubert, Novalis, Wagner und Schlegel Romantik
38%
Q Historische Domstadt in Sachsen-Anhalt, in der Heinrich I begraben liegt Quedlinburg
36%
G FDP-Politiker und Außenminister von 1974 bis 1992 Hans-Dietrich Genscher
35%
Z Katholische Partei, die während der Weimarer Republik unter anderem Reichskanzler Brüning stellte Zentrum
33%
T Germanenstamm, welcher im 2. Jahrhundert v Chr durch Westeuropa zog und die Römische Republik bedrohte Teutonen
32%
E Deutsch-Französischer Freundschaftsvertrag, der in Paris von Adenauer und De Gaulle unterzeichnet wurde Élysée-Vertrag
28%
K Bezeichnung für einen Herrscher, welcher den Kaiser des Heiligen Römischen Reiches wählen konnte Kurfürst
27%
V Geschichtsperiode im Vorfeld der Revolution 1848, die vom Nationalliberalismus geprägt wurde Vormärz
24%
Y Ort in Flandern, an dem während des Ersten Weltkrieges zum ersten Mal durch Deutschland Giftgas eingesetzt worden ist Ypern
22%
W System an Friedensverträgen, die den Dreißigjährigen Krieg beendeten Westfälischer Frieden
21%
I Streit zwischen Papst und Kaiser um das Recht der Bischofseinsetzung, welcher den Gang nach Canossa verursachte Investiturstreit
20%
S Hochmittelalterliches Kaisergeschlecht mit Kaisern wie Friedrich Barbarossa und Friedrich II Staufer
20%
Keine übereinstimmenden Quizze gefunden
Verteilung der Resultate
Anzahl Personen mit jedem Resultat
Perzentil nach korrekt beantworteten Fragen
Ihre Resultats-Entwicklung
Sie haben dieses Quiz seit der letzten Aktualisierung nicht gespielt